000
00307nam a2200133 a 4500
001
5013
003
CDMR
005
20130116135303.0
008
130130s1985||||||||||||||||||||||||||||d
040
_a
CDMR
_b
cat
_c
CDMR
245
3
_a
La comunicación internacional
260
_a
Barcelona
_c
1985
_b
Mitre
942
_c
MON
999
_c
5013
_d
5013